How to supervise people

Bibliographic Details
Main Author: Cooper, Alfred M. (Author)
Format: Book
Language:English
Published: New York : McGraw Hill 1958
Edition:Fourth edition
Subjects:

MARC

LEADER 00000cam a2200000 7i4500
001 0000003563
005 20240927.0
008 991204 nyu eng
020 |a 0070127794 
040 |a INS   |b eng   |e rda 
090 0 0 |a HF5549.5.S8   |b C6 1958 
100 1 |a Cooper, Alfred M. ,   |e author 
245 1 0 |a How to supervise people   |c Alfred M. Cooper 
250 |a Fourth edition 
264 1 |a New York :   |b McGraw Hill   |c 1958 
300 |a iv, 250 pages ;   |c 21 cm. 
336 |a text  |2 rdacontent 
337 |a unmediated  |2 rdamedia 
338 |a volume  |2 rdacarrier 
500 |a Includes index 
650 0 |a Common and control systems 
650 0 |a Community leadership 
650 0 |a Decision making 
650 0 |a Leadership 
650 0 |a Management 
999 |a 0000001164   |b BOOK   |c Open Shelf   |e Default branch